000 00778ngm a2200253 a 4500
005 20220523131303.0
008 010727s1989 mx 015 aaspa d
035 _aUPN01000110197
049 _aAV
050 4 _aPVI Q 0905
245 0 0 _aCometas.
260 _aMéxico :
_bILCE,
_c1989.
300 _a1 videocasete (VHS) (15 min.) :
_bson., col.
440 3 _aEl espacio
500 _aDiaporama transferido a video
501 _aCon: Planetas -- Satélites artificiales
520 _aSe menciona la teoría que explica el origen de los cometas como parte del sistema solar
650 4 _aCOMETAS
_99857
650 2 _aPlanetas
_916837
650 2 _aSatélites artificiales
_925508
740 0 _aPlanetas
740 0 _aSatélites artificiales
905 _aAudiovisuales
999 _c84106
_d84106